00258nam a22000977a 4500008004100000082002100041245004700062260003500109300000800144440000800152230703b xxu||||| |||| 00| 0 eng d a342.16bIPU 2004 aConstitutional & Parliamentary Information bInterparliamentary Unionc2004 a92p n188